000 00770nam0a22002411 4500
001 rc\458665
005 20250621092756.0
035 _a(NLR Aleph) 005703219
090 _a7299715
_c7299715
100 _a20030616d1987 |||y0rusy50 ca
101 0 _arus
102 _aRU
105 _ay |||||||||
200 1 _aОрганизация делопроизводства в торговле
_eТекст лекций
_fКиев. торг.-экон. ин-т
210 _aКиев
_cКТЭИ
_d1987
215 _a18 с.
_d22
320 _aБиблиогр.: с. 17-18 (13 назв.)
700 1 _aБорсук
_bС.С.
_gСтанислав Степанович
801 0 _aRU
_bNLR
_gpsbo
801 1 _aRU
_bELAR
_2rusmarc
852 _aNLR
_j87-4/8373
942 _cBOOK
980 _aNB